Hungary Anthem Lyrics - Statistics

General Stats
  • This quiz has been taken 25 times
  • The average score is 7 of 8
Answer Stats
Szövege % Correct
Isten, áldd meg a magyart
100%
A múltat s jövendőt!
96%
Jó kedvvel, bőséggel,
96%
Bal sors akit régen tép,
91%
Ha küzd ellenséggel;
91%
Hozz rá víg esztendőt,
91%
Megbűnhődte már e nép
91%
Nyújts feléje védő kart,
91%
No matching quizzes found
Score Distribution
Percent of People with Each Score
Percentile by Number Answered
Your Score History
You have not taken this quiz